[Event "Aragon-chT Preferente Gr II"]
[Site "Aragon"]
[Date "2022.03.26"]
[Round "9.62"]
[White "Cacho Almorin, Javier"]
[Black "Sanz Parron, Laura"]
[Result "1-0"]
[WhiteElo "1648"]
[BlackElo "1717"]
[PlyCount "107"]
[EventDate "2022.01.29"]
[EventType "team-tourn"]
[EventRounds "9"]
[EventCountry "ESP"]
[SourceTitle "EXT 2024"]
[Source "ChessBase"]
[SourceDate "2023.10.10"]
[SourceVersion "1"]
[SourceVersionDate "2023.10.10"]
[SourceQuality "1"]
[WhiteTeam "Palacio de Pioneros III"]
[BlackTeam "Marcos Frechin II"]
[WhiteTeamCountry "ESP"]
[BlackTeamCountry "ESP"]

1. e4 c5 2. Nf3 g6 3. d4 cxd4 4. Qxd4 Nf6 5. e5 Nc6 6. Qe3 Nd5 7. Qe4 Nb6 8. Bd3 d5 9. exd6 Bf5 10. dxe7 Bxe7 11. Qe2 Bxd3 12. cxd3 0-0 13. 0-0 Nb4 14. a3 N4d5 15. Bh6 Re8 16. Qd2 Bf6 17. Nc3 Rc8 18. Rac1 Nxc3 19. bxc3 Na4 20. d4 Qa5 21. Qf4 Qa6 22. Rfe1 Nb2 23. Rxe8+ Rxe8 24. Re1 Rc8 25. Qc7 Qc6 26. Qxc6 bxc6 27. Rb1 Nc4 28. a4 Na5 29. Nd2 Rd8 30. Kf1 Be7 31. Bf4 Rd7 32. Rb8+ Kg7 33. g3 g5 34. Be3 h6 35. h4 gxh4 36. gxh4 Bxh4 37. Nf3 Bf6 38. Ne5 Bxe5 39. dxe5 Nc4 40. Bd4 Re7 41. f4 Kg6 42. Kf2 Kf5 43. Be3 Na5 44. Rh8 Kg6 45. Kf3 Rb7 46. Ke4 Kg7 47. Rc8 Rb3 48. Bd4 Kg6 49. f5+ Kg5 50. Rg8+ Kh4 51. Rg7 Nc4 52. Rxf7 Rb1 53. Kd3 Na5 54. e6 1-0

[Event "Aragon-chT Preferente Gr II"]
[Site "Aragon"]
[Date "2022.03.12"]
[Round "7.65"]
[White "Palomar Ramon, Santiago"]
[Black "Cacho Almorin, Javier"]
[Result "1-0"]
[WhiteElo "1900"]
[BlackElo "1648"]
[PlyCount "95"]
[EventDate "2022.01.29"]
[EventType "team-tourn"]
[EventRounds "9"]
[EventCountry "ESP"]
[SourceTitle "EXT 2024"]
[Source "ChessBase"]
[SourceDate "2023.10.10"]
[SourceVersion "1"]
[SourceVersionDate "2023.10.10"]
[SourceQuality "1"]
[WhiteTeam "San Jose"]
[BlackTeam "Palacio de Pioneros III"]
[WhiteTeamCountry "ESP"]
[BlackTeamCountry "ESP"]

1. e4 e5 2. Nf3 Nc6 3. Bc4 Bc5 4. 0-0 Nf6 5. d4 Bxd4 6. Nxd4 Nxd4 7. Bg5 h6 8. Bh4 d6 9. f4 Be6 10. Bxe6 Nxe6 11. fxe5 dxe5 12. Nc3 Qxd1 13. Raxd1 Ng5 14. Rf5 0-0 15. Bxg5 hxg5 16. Rxg5 Rfe8 17. Kf2 Rad8 18. Rxd8 Rxd8 19. Ke2 Nd7 20. Nd5 f6 21. Rg3 c6 22. Ne7+ Kf7 23. Nf5 g6 24. Nd6+ Kg7 25. Nxb7 Rb8 26. Rb3 f5 27. Na5 Rxb3 28. cxb3 c5 29. Nc6 a6 30. b4 Kf6 31. exf5 gxf5 32. bxc5 Nxc5 33. b4 Ne4 34. Ke3 Nc3 35. a3 e4 36. Nb8 Nd5+ 37. Kd2 e3+ 38. Ke1 Nc7 39. Ke2 f4 40. g3 Kf5 41. gxf4 Kxf4 42. a4 Ne6 43. Nc6 Ke4 44. b5 Nf4+ 45. Ke1 axb5 46. axb5 Kd3 47. Ne5+ Ke4 48. b6 1-0

[Event "Aragon-chT Preferente Gr II"]
[Site "Aragon"]
[Date "2022.02.19"]
[Round "4.56"]
[White "Cacho Almorin, Javier"]
[Black "Sese Serrano, Isaac"]
[Result "1-0"]
[WhiteElo "1648"]
[BlackElo "1262"]
[PlyCount "53"]
[EventDate "2022.01.29"]
[EventType "team-tourn"]
[EventRounds "9"]
[EventCountry "ESP"]
[SourceTitle "EXT 2024"]
[Source "ChessBase"]
[SourceDate "2023.10.10"]
[SourceVersion "1"]
[SourceVersionDate "2023.10.10"]
[SourceQuality "1"]
[WhiteTeam "Palacio de Pioneros III"]
[BlackTeam "Casablanca MyInvestor III"]
[WhiteTeamCountry "ESP"]
[BlackTeamCountry "ESP"]

1. e4 c5 2. Nf3 e6 3. d4 cxd4 4. Nxd4 Nf6 5. Nc3 d6 6. Bb5+ Bd7 7. 0-0 a6 8. Be2 Be7 9. Be3 0-0 10. f4 Qc7 11. Nf3 e5 12. Bd3 Bc6 13. fxe5 dxe5 14. h3 Rd8 15. Qe2 Nbd7 16. Kh1 b5 17. a3 Qb7 18. Bg5 Bd6 19. Nd5 Bxd5 20. exd5 Re8 21. Bxf6 Nxf6 22. Be4 Nxd5 23. Rad1 Nf4 24. Bxb7 Nxe2 25. Rxd6 Ra7 26. Bc6 Rc8 27. Rfd1 1-0

[Event "Aragon-chT Preferente Gr II"]
[Site "Aragon"]
[Date "2022.02.12"]
[Round "3.66"]
[White "Cacho Almorin, Javier"]
[Black "Avellanas Pau, Miguel Angel"]
[Result "0-1"]
[WhiteElo "1648"]
[BlackElo "1824"]
[PlyCount "38"]
[EventDate "2022.01.29"]
[EventType "team-tourn"]
[EventRounds "9"]
[EventCountry "ESP"]
[SourceTitle "EXT 2024"]
[Source "ChessBase"]
[SourceDate "2023.10.10"]
[SourceVersion "1"]
[SourceVersionDate "2023.10.10"]
[SourceQuality "1"]
[WhiteTeam "Palacio de Pioneros III"]
[BlackTeam "Enroque Barbastro"]
[WhiteTeamCountry "ESP"]
[BlackTeamCountry "ESP"]

1. e4 e6 2. d4 d5 3. exd5 exd5 4. Nf3 Bd6 5. Bd3 Ne7 6. 0-0 Bg4 7. Re1 Qd7 8. c4 dxc4 9. Bxc4 0-0 10. Nc3 Nbc6 11. Be2 Rad8 12. Ne5 Bxe5 13. Bxg4 Qxd4 14. Qxd4 Rxd4 15. Bf3 Rfd8 16. Be3 Rd3 17. Bxa7 Bxc3 18. bxc3 b6 19. c4 Ra3 0-1